أم القرى : (رقم التسجيلة. 68228)

تفاصيل مارك
000 -LEADER
fixed length control field 00538nam a22001697a 4500
005 - DATE AND TIME OF LATEST TRANSACTION
control field 20251108172018.0
008 - FIXED-LENGTH DATA ELEMENTS--GENERAL INFORMATION
fixed length control field 250721s2002 xx 000 0 ara d
082 14 - DEWEY DECIMAL CLASSIFICATION NUMBER
Classification number 210.6/كوا
100 1# - MAIN ENTRY--PERSONAL NAME
Personal name الكواكبي، عبد الرحمن
245 10 - TITLE STATEMENT
Title أم القرى :
Remainder of title مؤتمر النهضة الإسلامية الأول /
264 1# - PRODUCTION, PUBLICATION, DISTRIBUTION, MANUFACTURE, AND COPYRIGHT NOTICE
Place of production, publication, distribution, manufacture دمشق :
Name of producer, publisher, distributor, manufacturer دار الأوائل للنشر و التوزيع،
Date of production, publication, distribution, manufacture, or copyright notice 2002.
300 ## - PHYSICAL DESCRIPTION
Extent 231ص.
650 17 - SUBJECT ADDED ENTRY--TOPICAL TERM
Topical term or geographic name as entry element الإسلام
650 17 - SUBJECT ADDED ENTRY--TOPICAL TERM
Topical term or geographic name as entry element المؤتمرات
942 ## - ADDED ENTRY ELEMENTS (KOHA)
Source of classification or shelving scheme Dewey Decimal Classification
Koha item type كتب
المقتنيات
حالة السحب حالة الفقدان مصدر التصنيف حالة التلف غير قابل للإعارة المكتبة الرئيسية المكتبة الحالية موقع الرف تاريخ التزويد الرقم المتسلسل Total Checkouts رقم الإستدعاء تاريخ آخر ظهور تاريخ الفاتورة نوع المادة (كوها) الباركود
    Dewey Decimal Classification Unchecked   مكتبة الأميرة ايمان العامة مكتبة الأميرة ايمان العامة الإعارة 28/07/2025 586578   210.6/كوا 28/07/2025 28/07/2025 كتب  
    Dewey Decimal Classification     مكتبة وادي السير العامة مكتبة وادي السير العامة الإعارة 28/07/2025 586587   210.6/كوا 28/07/2025 28/07/2025 كتب 586587
Implemented & Customized by: BBB with SCIT (Smart Chains for Information Technology)

Powered by Koha